| 000 | 00863cam a22002651 4500 | ||
|---|---|---|---|
| 001 | e 18000412 | ||
| 003 | DLC | ||
| 005 | 20260227111208.0 | ||
| 008 | 960605s1918 dcu f000 0 eng c | ||
| 010 | _ae 18000412 | ||
| 035 | _a(OCoLC)34878212 | ||
| 040 |
_aU.S. Bur. of Education _cMoU _dDLC |
||
| 050 | 0 | 0 |
_aTX7 _b.U63 no. 2 |
| 050 | 0 | 0 |
_aTX173 _b.A5 1918 |
| 110 | 1 |
_aUnited States. _bBureau of Education. |
|
| 245 | 1 | 0 | _aCurrent problems in home economics ... |
| 260 |
_a[Washington, _bGovt. Print. Off., _c1918] |
||
| 300 |
_a11 p. _c23 cm. |
||
| 490 | 1 |
_aHome economics circular _vno. 2, Jan.1, 1918 |
|
| 500 | _aCaption title. | ||
| 500 | _aAt head of title: ... Department of the Interior ... | ||
| 500 | _aThis circular replaces Home economics letters nos. 4-13. | ||
| 650 | 0 | _aHome economics. | |
| 830 | 0 | _aCurrent problems in home economics. | |
| 999 |
_c20197 _d20197 |
||